| 000 | 00379nam a2200157Ia 4500 | ||
|---|---|---|---|
| 008 | 230312s9999||||xx |||||||||||||| ||und|| | ||
| 020 | _a81-8448-451-9 | ||
| 082 |
_a617.7 _bJOG-B |
||
| 100 | _aJogi ,Renu | ||
| 245 | 0 | _aBasic Ophthalmology | |
| 260 |
_bJaypee Brother Medical _aIndia _c2009 |
||
| 300 | _a502 | ||
| 546 | _aEng. | ||
| 650 |
_aMedical _vOphthalmology |
||
| 942 | _cBK | ||
| 999 |
_c5829 _d5829 |
||